| 000 | 00551nam a2200193Ia 4500 | ||
|---|---|---|---|
| 003 | GCL | ||
| 008 | 140319s9999 xx 000 0 eng d | ||
| 040 |
_aGCL / _cGCL |
||
| 082 | 0 | 4 |
_a820.91 _bT M |
| 100 | 1 | _aTRATNER, MICHAEL | |
| 245 | 1 | 0 |
_aMODERNISM AND MASS POLITICS: JOYCE WOOLF ELIOT YEATS / _cTRATNER, MICHAEL |
| 260 |
_a[S.N] : _bSTANFORD UNIVERSITY PRESS ، _c1995 |
||
| 300 | _a284 P | ||
| 650 | 0 | 4 | _aENGLISH LITERATURE |
| 650 | 0 | 4 | _aHISTORY AND CRITICISM |
| 650 | 0 | 4 | _aGREAT BRITAIN |
| 650 | 0 | 4 | _aLITERATURE - SOCIETY |
| 942 |
_2ddc _cBK |
||
| 999 |
_c12116 _d12116 |
||